000 00806nam a2200253 a 4500
001 18154
003 BD-RjUL
005 20211209000238.0
008 140219s1946 enkacf 001 0 eng d
035 _aOCLC ocm04699160 from D950421M
_a(BD-RjUL)18212
040 _aDLC
_cKSU
_dOCL
_dBD-RjUL
_beng
041 _aeng
082 _a821.91
_bPOE 1946
100 1 _d1887-1915.
_955906
245 1 4 _aThe poetical works of Rupert Brooke /
_cedited by Geoffrey Keynes.
260 _aLondon :
_bFaber and Faber,
_c1946.
300 _a208 p., 2 leaves of plates :
_bports. ;
_c21 cm.
500 _aIncludes index.
500 _a"This edition first published in Mcmxlvi."
650 _aEnglish poetry
_955907
700 1 _aKeynes, Geoffrey,
_d1887-1982.
_955544
942 _2ddc
_cBK
999 _c18154
_d18154